Score 0/20 Timer 05:00
1 Play Today
% Correct
Batman & Robin
86.2%
Jaws: The Revenge
83%
Dumb and Dumber To
80.9%
Rocky V
78.5%
Speed 2: Cruise Control
78.5%
The Matrix Revolutions
76.2%
Blues Brothers 2000
76%
The Hangover Part III
75.7%
Nutty Professor II: The Klumps
74.3%
Superman IV: The Quest for Peace
74%
% Correct
Caddyshack II
72.2%
Transformers: Revenge of the Fallen
68%
Evan Almighty
67.8%
A Good Day to Die Hard
64.6%
Little Fockers
62.6%
Weekend at Bernie's II
58.7%
Crocodile Dundee in Los Angeles
58.2%
Staying Alive
57.7%
Highlander 2: The Quickening
49.2%
Basic Instinct 2
47.9%
Remove Ads.
Support Sporcle.
Get the best of Sporcle when you Go Orange. This ad-free experience offers more features, more stats, and more fun while also helping to support Sporcle. Thank you for becoming a member.

You're not logged in!

Compare scores with friends on all Sporcle quizzes.
OR
Log In

Show Comments

Extras

Top Quizzes Today


Score Distribution

Your Account Isn't Verified!

In order to create a playlist on Sporcle, you need to verify the email address you used during registration. Go to your Sporcle Settings to finish the process.

Report this User

Report this user for behavior that violates our Community Guidelines.

Details: